00346nam a2200121Ia 4500008004100000020002200041041000800063082002400071100003600095245004200131260004200173300000900215230411s9999 xx 000 0 und d a978-93-5152-797-8 aeng aF/610.73/SMI/B08229 aSmith Marlaine & Parker Marilyn aNursing Theories and Nursing Practice bF A Davis CompanyaPhiladelphiac2015 a544p